|
|
|
|
| LEADER |
00737nam a2200205 i 4500 |
| 001 |
acta38185 |
| 005 |
20230222125140.0 |
| 008 |
161201s2008 hu o 0|| eng d |
| 020 |
|
|
|a 978 963 482 865 5
|
| 040 |
|
|
|a SZTE Egyetemi Kiadványok Repozitórium
|b hun
|
| 041 |
|
|
|a eng
|
| 245 |
0 |
0 |
|a Vegetation and fauna of Tisza river basin II.
|h [elektronikus dokumentum]
|
| 260 |
|
|
|a SZTE Ökológiai Tanszék
|b Szeged
|c 2008
|
| 300 |
|
|
|a 132
|c 24 cm
|
| 490 |
0 |
|
|a Tiscia monograph series
|v 8
|
| 650 |
|
4 |
|a Természettudományok
|
| 650 |
|
4 |
|a Föld- és kapcsolódó környezettudományok
|
| 695 |
|
|
|a Tisza - ökológia - tanulmányok
|
| 700 |
0 |
1 |
|a Gallé László
|
| 856 |
4 |
0 |
|u http://acta.bibl.u-szeged.hu/38185/1/tiscia_mono_008.pdf
|z Dokumentum-elérés
|